000 00726nam a2200229Ia 4500
003 OSt
005 20220923212122.0
006 a|||||r|||| 00| 0
007 ta
008 220922b |||||||| |||| 00| 0 hin d
024 _a150,864
037 _cTextual
040 _aARTS
_cARTS
_bhin
041 _2hin
_ahin
082 _aM148, 152H0
100 _aगुप्त, गोवर्धन दास
245 0 _aहिन्दी टाइप-राइटिंग
_b गंगा प्रणाली
246 _aHindī ṭāipa-rāiṭianga: gangā praṇālī
260 _c1940
942 _hM148, 152H0
_cTEXL
_2CC
999 _c306544
_d306544